000 00567nam a2200133Ia 4500
008 171207s9999 xx 000 0 und d
100 _aMahon, Kathleen
245 _aNegotiating democratic relations in a doctoral project examining university conditions and pedagogical praxis
245 _cKathleen Mahon
260 _c2017
300 _apages 71-87, 2017
440 _aEducational Action Research
_v25:1
650 _aDemocratic participation, praxis, ethical issues, practice architectures, critical participatory action research, reflexivity, doctoral research
999 _c347466
_d347466